[Event "KO Scandinavian <1800"]
[Site "SchemingMind.com"]
[Date "2007.04.11"]
[Round "-"]
[White "jtrochez1"]
[Black "kifosi"]
[Result "0-1"]
[WhiteCountry "HON"]
[BlackCountry "DEN"]
[WhiteElo "1549"]
[WhiteRD "50"]
[BlackElo "1887"]
[BlackRD "67"]
[GameID "100470"]

1. e4 d5 2. exd5 Nf6 3. Nc3 Nxd5 4. Nf3 Bg4 5. Be2 Nf4 6. O-O Nxe2+ 7. Qxe2 Nc6 8. Qe4 Bxf3 9. Qxf3 e6 10. Ne2 Bd6
11. c3 O-O 12. d4 Be7 13. Bf4 Bd6 14. Rad1 Bxf4 15. Nxf4 Qf6 16. Rd3 Rfe8 17. Re1 Rab8 18. Nh5 Qxf3 19. Rxf3 Re7 20. Rg3 g6
21. h4 Kh8 22. Nf6 Kg7 23. Rf3 h5 24. Ne4 b6 25. Ng5 Rd8 26. Rd3 Rdd7 27. b4 e5 28. Ree3 exd4 29. Rxe7 Rxe7 30. b5 dxc3
31. Rxc3 Nd4 32. Kh2 Nxb5 33. Rc1 c5 34. a4 Nd4 35. f3 Re2 36. a5 f6 37. Ne4 Nxf3+ 38. Kg3 Rxe4 39. gxf3 Re6 40. axb6 axb6
41. Rc4 f5 42. Kf4 Kf6 43. Ra4 b5 44. Ra5 Rb6 45. Ra8 c4 46. Ke3 c3 47. Kd3 b4 48. Kc2 b3+ 49. Kb1 c2+ 50. Kb2 Ke5
51. Ra4 Kf6 52. f4 Rc6 53. Ra1 Ke6 54. Re1+ Kd5 55. Rg1 Ke4 56. Rf1 c1=Q+ 57. Rxc1 Rxc1 58. Kxc1 Kxf4
0-1

[Event "KO Scandinavian <1800"]
[Site "SchemingMind.com"]
[Date "2007.04.10"]
[Round "-"]
[White "kifosi"]
[Black "jtrochez1"]
[Result "1-0"]
[WhiteCountry "DEN"]
[BlackCountry "HON"]
[WhiteElo "1823"]
[WhiteRD "70"]
[BlackElo "1559"]
[BlackRD "45"]
[GameID "100478"]

1. e4 d5 2. exd5 c6 3. dxc6 bxc6 4. Nf3 Bg4 5. Be2 Nd7 6. h3 Bh5 7. d3 Bxf3 8. Bxf3 Rc8 9. O-O e5 10. Be3 c5
11. Nc3 g6 12. Rb1 Ngf6 13. Ne4 Nxe4 14. Bxe4 Bg7 15. f4 O-O 16. Qf3 Qh4 17. fxe5 Nxe5 18. Qf2 Qxf2+ 19. Rxf2 Nd7 20. b3 f5
21. Bd5+ Kh8 22. Re2 f4 23. Bf2 Bf6 24. Rbe1 Rfe8 25. Rxe8+ Rxe8 26. Rxe8+ Kg7 27. c4 Kh6 28. g3 fxg3 29. Bxg3 Bd4+ 30. Kg2 Nf6
31. Re7 a5 32. Be5
1-0

[Event "KO Scandinavian <1800"]
[Site "SchemingMind.com"]
[Date "2007.04.27"]
[Round "-"]
[White "mart_r3000"]
[Black "Gary"]
[Result "0-1"]
[WhiteCountry "ENG"]
[BlackCountry "ENG"]
[WhiteElo "1259"]
[WhiteRD "66"]
[BlackElo "1579"]
[BlackRD "91"]
[GameID "102253"]

1. e4 d5 2. Bd3 d4 3. h3 e5 4. Nf3 Bd6 5. c3 c5 6. Bc4 Nf6 7. d3 O-O 8. O-O Bd7 9. g4 b5 10. Bb3 a5
11. Kg2 Nc6 12. Na3 Qb6 13. c4 b4 14. Nb5 Bb8 15. g5 Ne8 16. Nh4 g6 17. f4 f5 18. exf5 Bxf5 19. fxe5 Nxe5
0-1

[Event "KO Scandinavian <1800"]
[Site "SchemingMind.com"]
[Date "2007.04.24"]
[Round "-"]
[White "Gary"]
[Black "mart_r3000"]
[Result "1-0"]
[WhiteCountry "ENG"]
[BlackCountry "ENG"]
[WhiteElo "1579"]
[WhiteRD "91"]
[BlackElo "1259"]
[BlackRD "66"]
[GameID "102261"]

1. e4 d5 2. exd5 Nf6 3. Bb5+ c6 4. dxc6 bxc6 5. Bc4 e6 6. Nf3 Bc5 7. O-O O-O 8. d4 Bd6 9. Bg5 h6 10. Bh4 Bb7
11. Nc3 Bc7 12. Qd2 c5 13. dxc5 Nbd7 14. Rad1 Qe8 15. Bb5 a6 16. Ba4 Qe7 17. Bxd7 Qxc5 18. Bxf6 Qh5 19. h3 Bxf3 20. Qd3
1-0

[Event "KO Scandinavian <1800"]
[Site "SchemingMind.com"]
[Date "2007.04.25"]
[Round "-"]
[White "rampichino"]
[Black "David Hartley"]
[Result "0-1"]
[WhiteCountry "ITA"]
[BlackCountry "ENG"]
[WhiteElo "1424"]
[WhiteRD "68"]
[BlackElo "1915"]
[BlackRD "82"]
[GameID "102377"]

1. e4 d5 2. exd5 Qxd5 3. Nc3 Qa5 4. d4 Nf6 5. Bd2 c6 6. Bd3 Qc7 7. Nf3 Bg4 8. O-O e6 9. Qe2 Bd6 10. Rfe1 Bxh2+
11. Nxh2 Bxe2 12. Rxe2 Nbd7 13. Rae1 O-O 14. g3 Qb6
0-1

[Event "KO Scandinavian <1800"]
[Site "SchemingMind.com"]
[Date "2007.05.01"]
[Round "-"]
[White "cnile"]
[Black "Nickodemus"]
[Result "1-0"]
[WhiteCountry "SCO"]
[BlackCountry "IRL"]
[WhiteElo "1551"]
[WhiteRD "77"]
[BlackElo "1599"]
[BlackRD "114"]
[GameID "103167"]

1. e4 d5 2. exd5 Qxd5 3. d4 Nf6 4. Nc3 Qa5 5. Nf3 e6 6. Bd3 c6 7. Bf4 Bb4 8. O-O Bxc3 9. bxc3 Qxc3 10. Re1 Nbd7
11. Qe2
1-0

[Event "KO Scandinavian <1800"]
[Site "SchemingMind.com"]
[Date "2007.05.07"]
[Round "-"]
[White "Gilligan"]
[Black "martin_"]
[Result "1-0"]
[WhiteCountry "USA"]
[BlackCountry "GER"]
[WhiteElo "1667"]
[WhiteRD "76"]
[BlackElo "1442"]
[BlackRD "61"]
[GameID "103960"]

1. e4 d5 2. exd5 c6 3. d4 cxd5 4. c4 Nf6 5. Nc3 Nc6 6. Nf3 Bg4 7. cxd5 Nxd5 8. Be2 e6 9. a3 Bd6 10. Nxd5 exd5
11. O-O O-O 12. Ne5 Bxe2 13. Qxe2 Re8 14. Bf4 Qf6 15. Qg4 Nxe5 16. Bxe5 Bxe5 17. dxe5 Qxe5 18. b4 d4 19. Qf3 b6 20. Rad1 Rad8
21. h3 h6 22. Rd3 a5 23. bxa5 bxa5 24. Qd1 Re7 25. Qd2 Red7 26. Re1 Qc5 27. Rc1 Qe5 28. Re1 Qc5 29. Re4
1-0

[Event "KO Scandinavian <1800"]
[Site "SchemingMind.com"]
[Date "2007.05.07"]
[Round "-"]
[White "martin_"]
[Black "Gilligan"]
[Result "0-1"]
[WhiteCountry "GER"]
[BlackCountry "USA"]
[WhiteElo "1442"]
[WhiteRD "61"]
[BlackElo "1667"]
[BlackRD "76"]
[GameID "103970"]

1. e4 d5 2. exd5 Nf6 3. Nf3 Qxd5 4. Nc3 Qa5 5. d4 c6 6. Bd3 Bg4 7. O-O Nbd7 8. h3 Bh5 9. Re1 h6 10. g4 Bg6
11. Bf4 Bxd3 12. Qxd3 e6 13. Re2 Be7 14. Rae1 O-O 15. Ne5 Qd8 16. Ne4 Nxe4 17. Rxe4 Bf6 18. Qd2 Nxe5 19. Bxe5 Bxe5 20. Rxe5 Qe7
21. d5 Rad8 22. Qa5 b6 23. Qc3 cxd5 24. Qg3 Qb4 25. b3 Qa3 26. Ra1 Qb2 27. Ree1 Qxc2 28. Rec1 Qd2 29. Rd1 Qb4 30. Qc7 Qe4
0-1

[Event "KO Scandinavian <1800"]
[Site "SchemingMind.com"]
[Date "2007.05.14"]
[Round "-"]
[White "dave-o"]
[Black "fouche"]
[Result "0-1"]
[WhiteCountry "USA"]
[BlackCountry "COL"]
[WhiteElo "1573"]
[WhiteRD "86"]
[BlackElo "1617"]
[BlackRD "70"]
[GameID "104898"]

1. e4 d5 2. exd5 Qxd5 3. Nc3 Qd8 4. d4 Nf6 5. Bc4 e6 6. Nf3 Be7 7. Bf4 O-O 8. O-O a6 9. Re1 b5 10. Bb3 Bb7
11. Qd3 c5 12. dxc5 Qxd3 13. cxd3 Bxf3
0-1

[Event "KO Scandinavian <1800"]
[Site "SchemingMind.com"]
[Date "2007.05.15"]
[Round "-"]
[White "fouche"]
[Black "dave-o"]
[Result "1-0"]
[WhiteCountry "COL"]
[BlackCountry "USA"]
[WhiteElo "1617"]
[WhiteRD "70"]
[BlackElo "1573"]
[BlackRD "86"]
[GameID "104904"]

1. e4 d5 2. exd5 Nf6 3. d4 c6 4. Nf3 Bg4 5. Be2 cxd5 6. O-O e6 7. c4 Nc6 8. cxd5 Nxd5 9. Nc3 Be7 10. h3 Bh5
11. Nxd5 Qxd5 12. Be3 O-O 13. a3
1-0

[Event "KO Scandinavian <1800"]
[Site "SchemingMind.com"]
[Date "2007.07.13"]
[Round "-"]
[White "fouche"]
[Black "z"]
[Result "0-1"]
[WhiteCountry "COL"]
[BlackCountry "IRQ"]
[WhiteElo "1569"]
[WhiteRD "66"]
[BlackElo "1795"]
[BlackRD "65"]
[GameID "112786"]

1. e4 d5 2. exd5 Qxd5 3. Nf3 Bg4 4. Be2 Nc6 5. Nc3 Qd7 6. O-O O-O-O 7. d3 e5 8. Be3 Nf6 9. Ne4 h6 10. Qe1 Nd5
11. a3 Nxe3 12. fxe3 f5 13. Ng3 Bc5 14. d4 exd4 15. Nxd4 Nxd4 16. exd4 Bxd4+ 17. Kh1 Rhe8 18. Rd1 f4 19. Rxf4 Bxe2 20. Nxe2 Qe7
21. Rfxd4 Rxd4 22. Rxd4 Qxe2 23. Qxe2 Rxe2 24. Kg1 Rxc2 25. Rb4 c5 26. Rb3 Kc7 27. h3 Kc6 28. Kh2 b5 29. Rf3 Rxb2 30. Rf7 c4
31. Rxa7 c3 32. Rf7 c2
0-1

[Event "KO Scandinavian <1800"]
[Site "SchemingMind.com"]
[Date "2007.07.13"]
[Round "-"]
[White "z"]
[Black "fouche"]
[Result "1-0"]
[WhiteCountry "IRQ"]
[BlackCountry "COL"]
[WhiteElo "1795"]
[WhiteRD "65"]
[BlackElo "1569"]
[BlackRD "66"]
[GameID "112792"]

1. e4 d5 2. exd5 Qxd5 3. Nc3 Qd8 4. g3 Nf6 5. Bg2 c6 6. h3 e6 7. Nf3 Bd6 8. O-O O-O 9. d3 Nbd7 10. b3 Ne5
11. Bb2 Qc7 12. Nd2 Bd7 13. Nce4 Nxe4 14. Nxe4 Rad8 15. Nxd6 Qxd6 16. Qe2 Ng6 17. h4 Rfe8 18. h5 Nf8 19. Rae1 Bc8 20. Qe3 f6
21. Qxa7 e5 22. Re3 Ne6 23. Rfe1 Qc5 24. Qxc5 Nxc5 25. d4 Na6 26. a3 Kf7 27. dxe5 f5 28. f4 Ke6 29. Bf1 Nc7 30. c4 Rd2
31. Bc3 Ra2 32. Ra1 Rc2 33. Rd1 Na6 34. b4 Nb8 35. c5 Nd7 36. Bc4+ Ke7 37. Bb3 Rxc3 38. Rxc3 Nf8 39. Rcd3 Ne6 40. Rd6
1-0

[Event "KO Scandinavian <1800"]
[Site "SchemingMind.com"]
[Date "2007.07.19"]
[Round "-"]
[White "Gilligan"]
[Black "cnile"]
[Result "1-0"]
[WhiteCountry "USA"]
[BlackCountry "SCO"]
[WhiteElo "1641"]
[WhiteRD "74"]
[BlackElo "1447"]
[BlackRD "74"]
[GameID "112896"]

1. e4 d5 2. exd5 Qxd5 3. Nc3 Qd8 4. Bc4 Nf6 5. h3 e5 6. Nf3 Bc5 7. O-O O-O 8. Nxe5 Nbd7 9. d4 Nxe5 10. dxe5 Ne8
11. Qxd8 Nd6 12. Qxc7 Rd8 13. exd6 Bxh3 14. Qxf7+ Kh8 15. Bh6 Rxd6 16. Qxg7#
1-0

[Event "KO Scandinavian <1800"]
[Site "SchemingMind.com"]
[Date "2007.07.19"]
[Round "-"]
[White "cnile"]
[Black "Gilligan"]
[Result "0-1"]
[WhiteCountry "SCO"]
[BlackCountry "USA"]
[WhiteElo "1447"]
[WhiteRD "74"]
[BlackElo "1641"]
[BlackRD "74"]
[GameID "112899"]

1. e4 d5 2. d4 e6 3. e5 Bb4+ 4. c3 Ba5 5. Qa4+ Nc6 6. Bb5 Bb6 7. Nf3 Bd7 8. O-O a6 9. Bxc6 Bxc6 10. Qc2 Ne7
11. Nbd2 O-O 12. Ng5 Nf5 13. g4 Qxg5 14. h3 Bb5 15. Nc4 Qg6 16. Kh2 Nxd4
0-1

[Event "KO Scandinavian <1800"]
[Site "SchemingMind.com"]
[Date "2007.07.19"]
[Round "-"]
[White "ivan"]
[Black "kifosi"]
[Result "1/2-1/2"]
[WhiteCountry "CRO"]
[BlackCountry "DEN"]
[WhiteElo "1742"]
[WhiteRD "71"]
[BlackElo "1805"]
[BlackRD "69"]
[GameID "113166"]

1. e4 d5 2. exd5 Nf6 3. Nc3 Nxd5 4. Nxd5 Qxd5 5. d4 Nc6 6. c4 Qxd4 7. Qxd4 Nxd4 8. Bd3 Bf5 9. Bxf5 Nxf5 10. Nf3 e6
11. O-O Bd6 12. Be3 b6 13. Rad1 Rd8 14. Bg5 f6 15. Bd2 Kf7 16. Bc3 e5 17. Rd2 c5 18. Rfd1 Ke7 19. b3 Bc7 20. h3 Rxd2
21. Nxd2 Rd8 22. Kf1 Nd4 23. Ne4 f5 24. Ng3 g6 25. Ne2 Nxe2 26. Kxe2 Rxd1 27. Kxd1 Ke6 28. Ke2 f4 29. g4= e4 30. Bg7 Be5
31. Bh6 a6 32. f3 e3 33. Bg5 b5=
1/2-1/2

[Event "KO Scandinavian <1800"]
[Site "SchemingMind.com"]
[Date "2007.07.21"]
[Round "-"]
[White "kifosi"]
[Black "ivan"]
[Result "1-0"]
[WhiteCountry "DEN"]
[BlackCountry "CRO"]
[WhiteElo "1805"]
[WhiteRD "69"]
[BlackElo "1742"]
[BlackRD "71"]
[GameID "113176"]

1. e4 d5 2. d4 dxe4 3. Nc3 Nf6 4. f3 exf3 5. Nxf3 e6 6. Bd3 Bb4 7. O-O O-O 8. Bg5 Be7 9. Qd2 Nc6 10. Bb5 a6
11. Bxc6 bxc6 12. Rfe1 Nd5 13. Bxe7 Qxe7 14. Nxd5 cxd5 15. c3 c5 16. dxc5 Qxc5+ 17. Kh1 Bb7 18. Rac1 Rfd8 19. Re5 a5 20. Qd3 Qe7
21. Ng5 g6 22. h4 h6 23. Rxe6 fxe6 24. Qxg6+ Kh8 25. Nf7+ Qxf7 26. Qxf7 Ba6 27. Qxe6 Bc4 28. Qxh6+ Kg8 29. Re1 Rf8 30. Re7 Rae8
31. Qg7#
1-0

[Event "KO Scandinavian <1800"]
[Site "SchemingMind.com"]
[Date "2007.09.26"]
[Round "-"]
[White "Gilligan"]
[Black "David Hartley"]
[Result "0-1"]
[WhiteCountry "USA"]
[BlackCountry "ENG"]
[WhiteElo "1652"]
[WhiteRD "74"]
[BlackElo "1875"]
[BlackRD "76"]
[GameID "122197"]

1. e4 d5 2. exd5 Qxd5 3. Nc3 Qa5 4. d4 Nf6 5. Bc4 c6 6. Bd2 Qc7 7. h3 Bf5 8. Nf3 e6 9. O-O Be7 10. Ne2 Nbd7
11. c3 O-O 12. Ng3 Nb6 13. Bb3 Bd3 14. Re1 Bc4 15. Bc2 Bd5 16. b3 c5 17. dxc5 Bxc5 18. c4 Bc6 19. Bg5 Nbd7 20. Qd3 Be7
21. Bxf6 Nxf6 22. Nh5 g6 23. Nxf6+ Bxf6 24. Rad1 Rad8 25. Qe3 Rd7 26. Rxd7 Qxd7 27. Rd1 Qe7 28. Ne5 Bxe5 29. Qxe5 Rd8 30. Re1 Rd2
31. Rc1 Qd8 32. Qe3 Rxc2 33. Ra1 a6 34. a3 Qd2 35. Qe5 Qxf2+ 36. Kh1 Qxg2#
0-1

[Event "KO Scandinavian <1800"]
[Site "SchemingMind.com"]
[Date "2007.09.27"]
[Round "-"]
[White "David Hartley"]
[Black "Gilligan"]
[Result "1-0"]
[WhiteCountry "ENG"]
[BlackCountry "USA"]
[WhiteElo "1875"]
[WhiteRD "76"]
[BlackElo "1652"]
[BlackRD "74"]
[GameID "122200"]

1. e4 d5 2. exd5 Qxd5 3. Nc3 Qd6 4. d4 e6 5. Nf3 Nf6 6. Bd3 Be7 7. O-O O-O 8. Bd2 a6 9. Re1 b5 10. Ne2 Bb7
11. Ng3 Nc6 12. c3 Rac8 13. Ne4 Nxe4 14. Bxe4 Rb8 15. Qc2 f5 16. Bd3 Nd8 17. Bg5 Bxf3 18. Bxe7 Qxe7 19. gxf3 Qg5+ 20. Kh1 Rf6
21. Rg1 Qf4 22. Rg3 g6 23. Rag1 Kg7 24. Qc1 Qxc1 25. Rxc1 Nf7 26. f4 h6 27. Re1 Rh8 28. Reg1 g5 29. Rh3 Rg6 30. Rhg3 g4
31. f3 h5 32. h4 Re8 33. Re1 Kg8 34. Bxf5 exf5 35. Rxe8+ Kg7 36. fxg4
1-0

[Event "KO Scandinavian <1800"]
[Site "SchemingMind.com"]
[Date "2007.11.21"]
[Round "-"]
[White "z"]
[Black "kifosi"]
[Result "0-1"]
[WhiteCountry "IRQ"]
[BlackCountry "DEN"]
[WhiteElo "1825"]
[WhiteRD "57"]
[BlackElo "1816"]
[BlackRD "67"]
[GameID "129271"]

1. e4 d5 2. exd5 Nf6 3. Bc4 Nxd5 4. Nc3 c6 5. Qf3 e6 6. a4 Be7 7. Nge2 O-O 8. O-O a6 9. d3 Nd7 10. Qg3 Bf6
11. f4 N7b6 12. Bb3 Nxc3 13. bxc3 Nd5 14. Bd2 Qc7 15. Qf3 Rd8 16. g4 g6 17. d4 c5 18. a5 c4 19. Ba4 Bd7 20. Bxd7 Rxd7
21. h4 Be7= 22. Kg2 Kg7 23. Rh1 Bd6 24. h5 Rf8 25. Raf1 Qxa5 26. Qh3 Rh8 27. hxg6 fxg6 28. Qh6+ Kg8 29. f5 exf5 30. gxf5 Ne7
31. fxg6 Nxg6 32. Rh5 Qd8 33. Rhf5 Nh4+ 34. Kh3 Nxf5 35. Rxf5 Qe8 36. Rg5+ Qg6 37. Kg2 Rg7 38. Qh3 Qe4+ 39. Kf1 Rxg5 40. Bxg5 h5
41. Ng3 Qf3+
0-1

[Event "KO Scandinavian <1800"]
[Site "SchemingMind.com"]
[Date "2007.11.21"]
[Round "-"]
[White "kifosi"]
[Black "z"]
[Result "1-0"]
[WhiteCountry "DEN"]
[BlackCountry "IRQ"]
[WhiteElo "1816"]
[WhiteRD "67"]
[BlackElo "1825"]
[BlackRD "57"]
[GameID "129280"]

1. e4 d5 2. d4 dxe4 3. Nc3 Nf6 4. f3 exf3 5. Qxf3 g6 6. Be3 Bg7 7. O-O-O O-O 8. h3 Nbd7 9. Bc4 c6 10. Nge2 Qc7
11. g4 Nb6 12. Bb3 a5 13. Bf4 Qd8 14. a3 a4 15. Ba2 Nbd5 16. Nxd5 Nxd5 17. c3 Nxf4 18. Nxf4 Qc7 19. Rde1 e6 20. h4 b6
21. h5 Bb7 22. hxg6 c5 23. gxh7+ Kh8 24. d5 b5 25. Qg3 Qa5 26. Rxe6 b4 27. Re7 bxc3 28. bxc3 Qxc3+ 29. Qxc3 Bxc3 30. Rxb7 Rab8
31. Rxb8 Rxb8 32. Rh2 Be5 33. Rf2 Kxh7 34. Nd3 Bd4 35. Rxf7+ Kg6 36. Rf5 Rh8 37. Nf4+ Kh7 38. d6 Rb8 39. d7 Bb2+ 40. Kc2 Bxa3
41. Ne6 c4 42. d8=Q Rxd8 43. Nxd8 Bb4 44. Bxc4 a3 45. Kb3 Be7 46. Rf7+
1-0

[Event "KO Scandinavian <1800"]
[Site "SchemingMind.com"]
[Date "2008.01.28"]
[Round "-"]
[White "kifosi"]
[Black "David Hartley"]
[Result "1-0"]
[WhiteCountry "DEN"]
[BlackCountry "ENG"]
[WhiteElo "1912"]
[WhiteRD "64"]
[BlackElo "1847"]
[BlackRD "72"]
[GameID "138746"]

1. e4 d5 2. exd5 Qxd5 3. Nc3 Qa5 4. Nf3 Nf6 5. h3 Bf5 6. Bc4 c6 7. O-O e6 8. a3 Nbd7 9. d3 Be7 10. Bd2 Qc7
11. Re1 O-O 12. b4 b5 13. Bb3 a5 14. Ne2 a4 15. Ba2 c5 16. Rb1 Qc6 17. Ng3 cxb4 18. Bxb4 Bxb4 19. Rxb4 Qc5 20. Nxf5 exf5
21. d4 Qc6 22. Qd3 Rab8 23. Reb1 Rfc8 24. Ng5 Qxc2 25. Bxf7+ Kf8 26. Qxc2 Rxc2 27. Be6 h6 28. Bxf5 Rc3 29. Nf3 Rxa3 30. Rxb5 Rxb5
31. Rxb5 Ra1+ 32. Rb1 Rxb1+ 33. Bxb1 Ne4 34. Bxe4
1-0

[Event "KO Scandinavian <1800"]
[Site "SchemingMind.com"]
[Date "2008.01.28"]
[Round "-"]
[White "David Hartley"]
[Black "kifosi"]
[Result "1/2-1/2"]
[WhiteCountry "ENG"]
[BlackCountry "DEN"]
[WhiteElo "1847"]
[WhiteRD "73"]
[BlackElo "1846"]
[BlackRD "66"]
[GameID "138751"]

1. e4 d5 2. exd5 Nf6 3. d4 Nxd5 4. Nf3 g6 5. Bc4 Bg7 6. O-O O-O 7. Re1 e6 8. c3 b6 9. Nbd2 Bb7 10. Nf1 Nd7
11. Ne3 Nxe3 12. Bxe3 Nf6 13. Be2 Nd5 14. Bd2 Re8 15. Qc1 Rc8 16. Bh6 c5=
1/2-1/2